Albania Squad Euro 2024 - Statistics

General Stats
  • This quiz has been taken 108 times
    102 since last reset
  • The average score is 12 of 26
Answer Stats
Club Position Answer % Correct
Fulham FW Armando Broja
76%
Brentford GK Thomas Strakosha
74%
Lazio DF Elseid Hysaj
71%
Inter Milan MF Kristjan Asllani
71%
Empoli GK Etrit Berisha
68%
Lecce MF Medon Berisha
68%
Atalanta DF Berat Djimsiti
67%
Sassuolo MF Nedim Bajrami
56%
Gwangju FC FW Jasir Asani
54%
Sparta Prague MF Qazim Laci
50%
Darmstadt MF Klaus Gjasula
49%
Lecce MF Ylber Ramadani
44%
Lokomotiv Moscow DF Mario Mitaj
43%
Sivasspor FW Rey Manaj
43%
Rayo Vallecano DF Ivan Balliu
40%
Dinamo Zagreb FW Arber Hoxha
39%
Empoli DF Ardian Ismajli
39%
Sassuolo DF Marash Kumbulla
39%
Besiktas MF Ernest Muci
38%
CFR Cluj DF Arlind Ajeti
35%
Famalicao DF Enea Mihaj
31%
Rubin Kazan FW Mirlind Daku
29%
Baniyas FW Taulant Seferi
26%
Grasshoppers MF Amir Abrashi
24%
Cittadella GK Elhan Kastrati
24%
Voluntari DF Naser Aliji
19%
No matching quizzes found
Score Distribution
Percent of People with Each Score
Percentile by Number Answered
Your Score History
You have not taken this quiz since the last reset